| 000 | 01436aab a2200193 i 4500 | ||
|---|---|---|---|
| 001 | 768714001 | ||
| 003 | CO-MdFUSB | ||
| 005 | 20240314145059.0 | ||
| 008 | 240314t2000 ck a|||| |||| 00| 0 spa d | ||
| 040 |
_bspa _cCO-MdFUSB |
||
| 041 | _aspa | ||
| 100 | 1 |
_aRooy, Sidney _eautor |
|
| 245 | 1 | 3 |
_aLa iglesia evangélica : _bsu misión y su búsqueda de la verdad _c/ Sidney Rooy |
| 300 |
_aVolumen 19, número 1 y 2 (enero - junio, 2000), páginas 28 - 32 _c; 27 cm |
||
| 520 | _aDesde el principio del anuncio del Evangelio, en el seno de las comunidades cristianas se han debatido los alcances de la fe en Jesucristo como Señor y salvador. "Jesucristo es el Señor" se constituyó en la confesión más antigua. Tanto para Tomás de Aquino como para Bonaventura y sus contemporáneos la vida contemplativa era superior a la vida activa en el mundo. Las decisiones acerca de un solo Dios en tres personas y de las dos naturalezas de Cristo, humana y divina, siguen siendo parte de la confesión de la mayoría de iglesias cristianas hasta el día de hoy. Como afirma H. Richard Niebuhr, el liberalismo en su forma extrema enseñaba que "un Dios sin ira llevaba a hombres sin pecado a un reino sin juicio mediante las ministraciones de un Cristo sin cruz". | ||
| 653 | _aEclesiología | ||
| 773 | 0 |
_tIglesia y Misión _049402 _959629 _gVolumen 19, número 1 y 2 (enero - junio, 2000), páginas: 28 - 32 _qpáginas 28 |
|
| 942 | _cANA | ||
| 999 |
_c52434 _d52434 |
||